[Event "European Individual Chess Championship 2017"]
[Site "?"]
[Date "2017.05.31"]
[Round "2.26"]
[White "Khismatullin, Denis"]
[Black "Macieja, Bartlomiej"]
[Result "1/2-1/2"]
[BlackElo "2530"]
[WhiteElo "2651"]
[LiveChessVersion "1.4.8"]

1. Nf3 {[%clk 1:30:57]} c5 {[%clk 1:25:58]} 2. c4 {[%clk 1:30:34]} Nc6
{[%clk 1:26:22]} 3. Nc3 {[%clk 1:30:57]} Nf6 {[%clk 1:25:24]} 4. g3
{[%clk 1:30:42]} g6 {[%clk 1:25:45]} 5. Bg2 {[%clk 1:30:47]} Bg7 {[%clk 1:26:13]}
6. d4 {[%clk 1:31:00]} cxd4 {[%clk 1:26:38]} 7. Nxd4 {[%clk 1:31:28]} O-O
{[%clk 1:27:02]} 8. Nc2 {[%clk 1:27:18]} d6 {[%clk 1:18:50]} 9. b3
{[%clk 1:25:13]} Be6 {[%clk 0:38:58]} 10. O-O {[%clk 0:59:04]} Qd7
{[%clk 0:38:58]} 11. Bb2 {[%clk 0:33:56]} Bh3 {[%clk 0:39:11]} 12. Ne3
{[%clk 0:32:33]} Bxg2 {[%clk 0:30:54]} 13. Kxg2 {[%clk 0:32:15]} e6
{[%clk 0:30:49]} 14. Qd2 {[%clk 0:18:49]} Rad8 {[%clk 0:31:04]} 15. Rfd1
{[%clk 0:15:02]} Rfe8 {[%clk 0:26:08]} 16. Rab1 {[%clk 0:13:11]} a6
{[%clk 0:26:03]} 17. Kg1 {[%clk 0:13:09]} Ne7 {[%clk 0:24:29]} 18. Qd4
{[%clk 0:08:24]} Qc6 {[%clk 0:19:11]} 19. Rbc1 {[%clk 0:06:17]} h5
{[%clk 0:17:09]} 20. Qh4 {[%clk 0:02:17]} Nh7 {[%clk 0:04:52]} 21. Rc2
{[%clk 0:02:39]} Bf6 {[%clk 0:04:06]} 22. Qe4 {[%clk 0:02:52]} Rd7
{[%clk 0:04:11]} 23. Qxc6 bxc6 {[%clk 0:04:10]} 24. Ne4 {[%clk 0:00:40]} Bxb2
{[%clk 0:04:34]} 25. Rxb2 {[%clk 0:01:07]} d5 {[%clk 0:04:40]} 26. b4
{[%clk 0:00:48]} Ra7 {[%clk 0:04:27]} 27. Nc5 {[%clk 0:01:07]} Nf6
{[%clk 0:03:23]} 28. Rd3 {[%clk 0:01:13]} Nd7 {[%clk 0:03:22]} 29. Ra3
{[%clk 0:00:53]} Rea8 {[%clk 0:02:20]} 30. Ra5 {[%clk 0:00:58]} Nc8
{[%clk 0:02:07]} 31. Nxd7 {[%clk 0:00:37]} Rxd7 {[%clk 0:02:35]} 32. Rc2
{[%clk 0:00:43]} Rb7 {[%clk 0:01:11]} 33. a3 {[%clk 0:01:00]} Ne7
{[%clk 0:01:16]} 34. Kg2 {[%clk 0:00:43]} Kf8 {[%clk 0:01:36]} 35. Nd1
{[%clk 0:00:49]} Nf5 {[%clk 0:01:14]} 36. e3 {[%clk 0:00:37]} Ke7
{[%clk 0:01:17]} 37. Nb2 {[%clk 0:00:34]} Nd6 {[%clk 0:01:39]} 38. Rc5
{[%clk 0:00:37]} Kd7 {[%clk 0:01:03]} 39. cxd5 {[%clk 0:00:38]} cxd5
{[%clk 0:01:31]} 40. Nd3 {[%clk 0:30:50]} Ke7 {[%clk 0:30:36]} 41. Rc7+
{[%clk 0:22:57]} Rxc7 {[%clk 0:28:39]} 42. Rxc7+ {[%clk 0:20:34]} Kf6
{[%clk 0:12:35]} 43. a4 {[%clk 0:18:31]} a5 {[%clk 0:01:57]} 44. Rc6
{[%clk 0:04:17]} Ke7 {[%clk 0:02:25]} 45. b5 {[%clk 0:04:36]} Rc8
{[%clk 0:02:38]} 46. Ne5 {[%clk 0:04:28]} g5 {[%clk 0:02:59]} 47. Ra6
{[%clk 0:02:44]} Rc2 {[%clk 0:02:54]} 48. Nc6+ {[%clk 0:03:02]} Kd7
{[%clk 0:03:07]} 49. Rxa5 {[%clk 0:00:50]} Nc4 {[%clk 0:01:33]} 50. Ra7+
{[%clk 0:01:04]} Kd6 {[%clk 0:02:03]} 51. Kf1 {[%clk 0:00:40]} Rc1+
{[%clk 0:02:12]} 52. Kg2 {[%clk 0:00:36]} Rc2 {[%clk 0:02:39]} 53. Nb4
{[%clk 0:00:32]} Rb2 {[%clk 0:02:39]} 54. Nd3 {[%clk 0:00:34]} Rd2
{[%clk 0:03:07]} 55. Ne1 {[%clk 0:00:35]} Nxe3+ {[%clk 0:02:10]} 56. Kg1
{[%clk 0:01:03]} Ng4 {[%clk 0:00:42]} 57. Rxf7 {[%clk 0:01:03]} Ra2
{[%clk 0:01:07]} 58. b6 {[%clk 0:00:32]} Rxa4 {[%clk 0:01:29]} 59. Nc2
{[%clk 0:00:33]} Ra2 {[%clk 0:00:51]} 60. b7 {[%clk 0:00:32]} Rb2
{[%clk 0:01:18]} 61. Nd4 {[%clk 0:00:39]} e5 {[%clk 0:01:22]} 62. Nf3
{[%clk 0:00:40]} Nxf2 {[%clk 0:00:35]} 63. b8=Q+ {[%clk 0:00:41]} Rxb8
{[%clk 0:01:03]} 64. Kxf2 {[%clk 0:01:03]} Rb2+ {[%clk 0:01:22]} 65. Kg1
{[%clk 0:00:35]} g4 {[%clk 0:00:35]} 66. Nh4 {[%clk 0:00:34]} d4 {[%clk 0:00:57]}
67. Rf8 {[%clk 0:00:34]} e4 {[%clk 0:00:44]} 68. Rd8+ {[%clk 0:00:40]} Kc5
{[%clk 0:00:35]} 69. Rc8+ {[%clk 0:00:44]} Kd5 {[%clk 0:00:44]} 70. Ng6
{[%clk 0:00:34]} e3 {[%clk 0:00:48]} 71. Re8 {[%clk 0:00:35]} Rb1+
{[%clk 0:00:52]} 72. Kg2 {[%clk 0:01:00]} Rb2+ {[%clk 0:01:21]} 73. Kf1
{[%clk 0:00:54]} Rxh2 {[%clk 0:01:17]} 74. Nf4+ {[%clk 0:01:10]} Kc4
{[%clk 0:01:11]} 75. Rc8+ {[%clk 0:01:29]} Kb4 {[%clk 0:00:47]} 76. Ke1
{[%clk 0:01:26]} h4 {[%clk 0:00:51]} 77. gxh4 {[%clk 0:01:38]} g3
{[%clk 0:00:38]} 78. Rb8+ {[%clk 0:00:41]} Kc4 {[%clk 0:00:51]} 79. Rc8+
{[%clk 0:01:05]} Kb5 {[%clk 0:01:05]} 80. Rb8+ {[%clk 0:00:43]} Kc6
{[%clk 0:01:17]} 81. Rg8 {[%clk 0:00:40]} Rxh4 {[%clk 0:01:12]} 82. Ng2
{[%clk 0:01:00]} Rh1+ {[%clk 0:00:38]} 1/2-1/2

[Event "European Individual Chess Championship 2017"]
[Site "?"]
[Date "2017.05.31"]
[Round "2.27"]
[White "Swiercz, Dariusz"]
[Black "Djukic, Nikola"]
[Result "1/2-1/2"]
[BlackElo "2526"]
[WhiteElo "2649"]
[LiveChessVersion "1.4.8"]

1. e4 {[%clk 1:30:54]} g6 {[%clk 1:28:51]} 2. d4 {[%clk 1:29:29]} Bg7
{[%clk 1:29:14]} 3. Nc3 {[%clk 1:28:56]} d5 {[%clk 1:29:34]} 4. exd5
{[%clk 1:27:15]} Nf6 {[%clk 1:29:57]} 5. Bc4 {[%clk 1:24:39]} Nbd7
{[%clk 1:30:18]} 6. Nf3 {[%clk 1:24:51]} Nb6 {[%clk 1:28:39]} 7. Bb3
{[%clk 1:22:40]} O-O {[%clk 1:24:46]} 8. O-O {[%clk 1:21:56]} a5 {[%clk 1:24:18]}
9. a3 {[%clk 1:15:18]} a4 {[%clk 1:22:18]} 10. Ba2 {[%clk 1:15:41]} Nbxd5
{[%clk 1:20:54]} 11. Nxd5 {[%clk 1:14:26]} Nxd5 {[%clk 1:21:17]} 12. Bg5
{[%clk 1:12:00]} Bf6 {[%clk 1:02:13]} 13. Qd2 {[%clk 1:06:22]} c6
{[%clk 0:46:16]} 14. Rfe1 {[%clk 0:57:45]} Bg4 {[%clk 0:40:08]} 15. Ne5
{[%clk 0:56:09]} Be6 {[%clk 0:34:49]} 16. Bh6 {[%clk 0:54:14]} Re8
{[%clk 0:35:11]} 17. Rad1 {[%clk 0:45:24]} Qa5 {[%clk 0:33:52]} 18. c3
{[%clk 0:30:52]} Nc7 {[%clk 0:32:14]} 19. Bxe6 {[%clk 0:29:32]} Nxe6
{[%clk 0:32:37]} 20. Ng4 {[%clk 0:27:05]} Rad8 {[%clk 0:18:53]} 21. Qe2
{[%clk 0:21:08]} Qf5 {[%clk 0:11:32]} 22. Bc1 {[%clk 0:12:42]} Bg7
{[%clk 0:11:24]} 23. Bh6 {[%clk 0:10:01]} Nf4 {[%clk 0:08:35]} 24. Qf3
{[%clk 0:10:00]} Nd5 {[%clk 0:08:50]} 25. Qg3 {[%clk 0:06:06]} Nf6
{[%clk 0:09:09]} 26. h3 {[%clk 0:05:42]} Nxg4 {[%clk 0:04:33]} 27. hxg4
{[%clk 0:06:08]} Qb5 {[%clk 0:04:04]} 28. Bxg7 {[%clk 0:06:30]} Kxg7
{[%clk 0:04:31]} 29. Rd2 {[%clk 0:02:53]} e6 {[%clk 0:04:34]} 30. g5
{[%clk 0:02:40]} Rd5 {[%clk 0:03:29]} 31. Re5 {[%clk 0:02:24]} h6
{[%clk 0:03:03]} 32. gxh6+ {[%clk 0:01:19]} Kxh6 {[%clk 0:03:26]} 33. Qe3+
{[%clk 0:00:34]} Kg7 {[%clk 0:03:50]} 34. Rxd5 {[%clk 0:00:49]} Qxd5
{[%clk 0:04:03]} 35. Qe5+ {[%clk 0:00:41]} Kf8 {[%clk 0:01:50]} 36. Re2
{[%clk 0:00:34]} Qxe5 {[%clk 0:01:20]} 37. Rxe5 {[%clk 0:01:02]} Ra8
{[%clk 0:01:31]} 38. Kf1 {[%clk 0:01:01]} 1/2-1/2

[Event "European Individual Chess Championship 2017"]
[Site "?"]
[Date "2017.05.31"]
[Round "2.28"]
[White "Gabrielian, Artur"]
[Black "Volokitin, Andrei"]
[Result "0-1"]
[BlackElo "2649"]
[WhiteElo "2525"]
[LiveChessVersion "1.4.8"]

1. d4 {[%clk 1:30:57]} Nf6 {[%clk 1:30:26]} 2. c4 {[%clk 1:31:07]} e6
{[%clk 1:29:44]} 3. Nc3 {[%clk 1:31:15]} Bb4 {[%clk 1:30:00]} 4. Nf3
{[%clk 1:31:28]} b6 {[%clk 1:28:45]} 5. Bg5 {[%clk 1:30:12]} h6 {[%clk 1:28:37]}
6. Bh4 {[%clk 1:30:37]} g5 {[%clk 1:26:24]} 7. Bg3 {[%clk 1:31:01]} Ne4
{[%clk 1:26:49]} 8. Qc2 {[%clk 1:30:53]} f5 {[%clk 1:24:51]} 9. e3
{[%clk 1:27:40]} h5 {[%clk 1:20:47]} 10. Bd3 {[%clk 1:05:52]} Bb7
{[%clk 1:15:04]} 11. d5 {[%clk 0:47:36]} Bxc3+ {[%clk 1:10:07]} 12. bxc3
{[%clk 0:47:45]} Nxg3 {[%clk 1:09:22]} 13. hxg3 {[%clk 0:40:50]} Qf6
{[%clk 1:03:22]} 14. e4 {[%clk 0:31:07]} Na6 {[%clk 1:02:42]} 15. exf5
{[%clk 0:29:13]} O-O-O {[%clk 1:01:21]} 16. Rd1 {[%clk 0:26:58]} Nc5
{[%clk 0:59:26]} 17. Be2 {[%clk 0:25:18]} exf5 {[%clk 0:49:30]} 18. Nd4
{[%clk 0:24:33]} Rdf8 {[%clk 0:49:07]} 19. Qc1 {[%clk 0:15:49]} Ba6
{[%clk 0:45:37]} 20. Kf1 {[%clk 0:15:27]} Qe7 {[%clk 0:35:48]} 21. Kg1
{[%clk 0:14:30]} f4 {[%clk 0:35:53]} 22. gxf4 {[%clk 0:12:21]} Rxf4
{[%clk 0:35:58]} 23. Rxh5 {[%clk 0:11:31]} Rxh5 {[%clk 0:20:36]} 24. Bxh5
{[%clk 0:12:00]} Qh7 {[%clk 0:20:14]} 25. Bf3 {[%clk 0:10:43]} Rf8
{[%clk 0:19:19]} 26. Qc2 {[%clk 0:09:29]} Qxc2 {[%clk 0:17:59]} 27. Nxc2
{[%clk 0:09:58]} Bxc4 {[%clk 0:18:24]} 28. Ne3 {[%clk 0:09:19]} Rf4
{[%clk 0:18:45]} 29. Rd2 {[%clk 0:08:21]} Ba6 {[%clk 0:14:46]} 30. Rd1
{[%clk 0:03:47]} Ra4 {[%clk 0:14:40]} 31. Rd2 {[%clk 0:03:50]} Ra3
{[%clk 0:14:07]} 32. c4 {[%clk 0:03:51]} Nd3 {[%clk 0:14:03]} 33. d6
{[%clk 0:00:35]} c6 {[%clk 0:14:03]} 34. Be4 {[%clk 0:00:35]} Ne5
{[%clk 0:14:17]} 35. Rc2 {[%clk 0:00:34]} Ra4 {[%clk 0:14:34]} 36. Rc3
{[%clk 0:00:31]} Rxa2 {[%clk 0:13:06]} 37. c5 {[%clk 0:00:57]} Rd2
{[%clk 0:12:19]} 38. g4 {[%clk 0:00:37]} Bd3 {[%clk 0:10:53]} 39. Bxd3
{[%clk 0:00:42]} Rxd3 {[%clk 0:11:10]} 40. Rxd3 {[%clk 0:30:32]} Nxd3
{[%clk 0:41:34]} 41. cxb6 {[%clk 0:30:26]} axb6 {[%clk 0:41:29]} 42. Kf1
{[%clk 0:22:08]} Kb7 {[%clk 0:36:54]} 43. Ke2 {[%clk 0:19:43]} Ne5
{[%clk 0:37:16]} 44. f3 {[%clk 0:18:33]} c5 {[%clk 0:37:36]} 45. Nd5
{[%clk 0:18:00]} Kc6 {[%clk 0:36:48]} 46. Nf6 {[%clk 0:18:12]} b5
{[%clk 0:36:21]} 47. Ne4 {[%clk 0:17:25]} Nf7 {[%clk 0:36:39]} 48. Ke3
{[%clk 0:15:50]} b4 {[%clk 0:37:00]} 49. f4 {[%clk 0:15:37]} gxf4+
{[%clk 0:37:07]} 50. Kxf4 {[%clk 0:16:01]} Nxd6 {[%clk 0:36:13]} 51. Nd2
{[%clk 0:14:13]} Kd5 {[%clk 0:27:03]} 52. g5 {[%clk 0:14:20]} Ke6
{[%clk 0:27:01]} 53. Nb3 {[%clk 0:12:10]} c4 {[%clk 0:27:12]} 54. Nc5+
{[%clk 0:12:13]} Kd5 {[%clk 0:23:45]} 55. g6 {[%clk 0:10:01]} Ne8
{[%clk 0:24:12]} 56. Na4 {[%clk 0:08:10]} c3 {[%clk 0:24:25]} 57. Ke3
{[%clk 0:07:40]} Kc6 {[%clk 0:22:59]} 0-1

[Event "European Individual Chess Championship 2017"]
[Site "?"]
[Date "2017.05.31"]
[Round "2.29"]
[White "Sutovsky, Emil"]
[Black "Gorovets, Andrey"]
[Result "1-0"]
[BlackElo "2524"]
[WhiteElo "2646"]
[LiveChessVersion "1.4.8"]

1. e4 {[%clk 1:30:22]} c5 {[%clk 1:29:32]} 2. Nf3 {[%clk 1:28:27]} e6
{[%clk 1:27:35]} 3. d4 {[%clk 1:28:51]} cxd4 {[%clk 1:27:49]} 4. Nxd4
{[%clk 1:29:19]} a6 {[%clk 1:27:33]} 5. c4 {[%clk 1:29:46]} Nf6 {[%clk 1:27:31]}
6. Nc3 {[%clk 1:30:14]} Qc7 {[%clk 1:27:19]} 7. Be2 {[%clk 1:30:38]} Bb4
{[%clk 1:17:10]} 8. Nc2 {[%clk 1:30:58]} Be7 {[%clk 1:15:13]} 9. Qd3
{[%clk 1:24:56]} b6 {[%clk 1:09:03]} 10. Qg3 {[%clk 1:18:52]} d6 {[%clk 1:06:37]}
11. f4 {[%clk 1:01:15]} Bb7 {[%clk 0:54:00]} 12. e5 {[%clk 0:49:39]} dxe5
{[%clk 0:54:12]} 13. fxe5 {[%clk 0:50:08]} Nfd7 {[%clk 0:54:10]} 14. O-O
{[%clk 0:48:33]} Qxe5 {[%clk 0:41:18]} 15. Bf4 {[%clk 0:48:40]} Qc5+
{[%clk 0:41:19]} 16. Kh1 {[%clk 0:47:06]} g5 {[%clk 0:38:34]} 17. Bc7
{[%clk 0:31:27]} e5 {[%clk 0:23:00]} 18. Bxb8 {[%clk 0:30:35]} Rxb8
{[%clk 0:23:28]} 19. Ne3 {[%clk 0:28:16]} Nf6 {[%clk 0:20:19]} 20. Nf5
{[%clk 0:26:40]} Rg8 {[%clk 0:17:27]} 21. Nd5 {[%clk 0:24:24]} Nxd5
{[%clk 0:15:01]} 22. cxd5 {[%clk 0:24:51]} Qxd5 {[%clk 0:11:39]} 23. Rad1
{[%clk 0:20:14]} Qa5 {[%clk 0:05:11]} 24. Nxe7 {[%clk 0:16:49]} Kxe7
{[%clk 0:05:09]} 25. b4 {[%clk 0:15:35]} Bxg2+ {[%clk 0:05:07]} 26. Kxg2
{[%clk 0:14:39]} 1-0

[Event "European Individual Chess Championship 2017"]
[Site "?"]
[Date "2017.05.31"]
[Round "2.210"]
[White "Zhigalko, Sergei"]
[Black "Harutyunian, Tigran K."]
[Result "1-0"]
[BlackElo "2523"]
[WhiteElo "2643"]
[LiveChessVersion "1.4.8"]

1. e4 {[%clk 1:30:57]} e5 {[%clk 1:27:42]} 2. Nf3 {[%clk 1:31:22]} Nc6
{[%clk 1:28:00]} 3. Bb5 {[%clk 1:31:46]} a6 {[%clk 1:27:57]} 4. Ba4
{[%clk 1:32:03]} Nf6 {[%clk 1:28:04]} 5. O-O {[%clk 1:32:07]} Be7
{[%clk 1:23:16]} 6. d3 {[%clk 1:31:59]} b5 {[%clk 1:22:32]} 7. Bb3
{[%clk 1:32:24]} O-O {[%clk 1:21:42]} 8. h3 {[%clk 1:29:38]} Bb7 {[%clk 1:13:41]}
9. Nc3 {[%clk 1:28:56]} d6 {[%clk 1:04:55]} 10. a3 {[%clk 1:23:43]} Nb8
{[%clk 0:54:47]} 11. Re1 {[%clk 1:06:23]} Nbd7 {[%clk 0:53:21]} 12. Ne2
{[%clk 1:04:51]} Nc5 {[%clk 0:26:26]} 13. Ba2 {[%clk 1:05:04]} d5
{[%clk 0:24:04]} 14. exd5 {[%clk 1:02:55]} e4 {[%clk 0:23:55]} 15. dxe4
{[%clk 1:02:01]} Ncxe4 {[%clk 0:24:21]} 16. c4 {[%clk 0:46:14]} Bc5
{[%clk 0:19:22]} 17. Ned4 {[%clk 0:46:23]} bxc4 {[%clk 0:19:19]} 18. Bxc4
{[%clk 0:46:37]} Bxd5 {[%clk 0:19:30]} 19. Qc2 {[%clk 0:39:29]} a5
{[%clk 0:17:11]} 20. Be3 {[%clk 0:30:08]} Bxc4 {[%clk 0:15:06]} 21. Qxc4
{[%clk 0:30:31]} Qd5 {[%clk 0:15:30]} 22. Rac1 {[%clk 0:26:43]} Rab8
{[%clk 0:13:50]} 23. Qc2 {[%clk 0:18:50]} Rfe8 {[%clk 0:12:58]} 24. Rcd1
{[%clk 0:18:17]} Qb7 {[%clk 0:08:30]} 25. Re2 {[%clk 0:17:51]} Rbd8
{[%clk 0:08:08]} 26. Rde1 {[%clk 0:15:04]} Qb6 {[%clk 0:05:16]} 27. Nf5
{[%clk 0:10:21]} Bxe3 {[%clk 0:05:16]} 28. Rxe3 {[%clk 0:08:49]} g6
{[%clk 0:04:34]} 29. Nh6+ {[%clk 0:07:21]} Kg7 {[%clk 0:05:03]} 30. Ng4
{[%clk 0:07:25]} h5 {[%clk 0:01:35]} 31. Nge5 {[%clk 0:07:13]} Nd6
{[%clk 0:00:31]} 32. Rb3 {[%clk 0:03:01]} Nb5 {[%clk 0:00:31]} 33. Qc4
{[%clk 0:01:08]} Nd6 {[%clk 0:00:59]} 34. Qc2 {[%clk 0:01:16]} Nb5
{[%clk 0:01:18]} 35. Qc1 {[%clk 0:00:39]} a4 {[%clk 0:00:32]} 36. Qc4
{[%clk 0:00:32]} Rd5 {[%clk 0:00:33]} 37. Qxa4 {[%clk 0:01:01]} c6
{[%clk 0:00:33]} 38. Qc4 {[%clk 0:00:44]} Qc5 {[%clk 0:00:34]} 39. Qxc5
{[%clk 0:00:38]} Rxc5 {[%clk 0:01:03]} 40. Nd3 {[%clk 0:30:33]} Rxe1+
{[%clk 0:31:01]} 41. Nfxe1 {[%clk 0:30:49]} Rd5 {[%clk 0:30:22]} 42. a4
{[%clk 0:22:08]} Nd4 {[%clk 0:27:27]} 43. Ra3 {[%clk 0:22:22]} c5
{[%clk 0:26:07]} 44. a5 {[%clk 0:22:31]} c4 {[%clk 0:25:59]} 45. Nb4
{[%clk 0:21:01]} Rb5 {[%clk 0:19:37]} 46. a6 {[%clk 0:20:54]} Nd7
{[%clk 0:20:02]} 47. a7 {[%clk 0:19:49]} Nb6 {[%clk 0:19:55]} 48. Nec2
{[%clk 0:15:15]} Nxc2 {[%clk 0:19:03]} 49. Nxc2 {[%clk 0:15:42]} Rxb2
{[%clk 0:19:25]} 50. Ne3 {[%clk 0:16:05]} Na8 {[%clk 0:08:52]} 51. Nxc4
{[%clk 0:16:18]} Rb1+ {[%clk 0:08:57]} 52. Kh2 {[%clk 0:16:47]} Rb7
{[%clk 0:09:20]} 53. g3 {[%clk 0:15:47]} Kf6 {[%clk 0:09:21]} 54. Ra6+
{[%clk 0:15:56]} Ke7 {[%clk 0:09:34]} 55. Kg2 {[%clk 0:16:09]} Rb5
{[%clk 0:07:04]} 56. Kf3 {[%clk 0:13:35]} Rc5 {[%clk 0:06:01]} 57. Nb6
{[%clk 0:12:36]} Nxb6 {[%clk 0:06:01]} 58. Rxb6 {[%clk 0:13:02]} Ra5
{[%clk 0:06:26]} 59. Rb7+ {[%clk 0:13:27]} Ke6 {[%clk 0:06:45]} 60. Ke4
{[%clk 0:13:07]} Ra4+ {[%clk 0:06:40]} 61. Kd3 {[%clk 0:13:21]} f6
{[%clk 0:05:43]} 62. Kc3 {[%clk 0:13:35]} Kd5 {[%clk 0:05:47]} 63. Kb3
{[%clk 0:09:21]} Ra1 {[%clk 0:06:14]} 64. Kb4 {[%clk 0:09:37]} Ke4
{[%clk 0:05:40]} 65. Re7+ {[%clk 0:08:46]} Kd5 {[%clk 0:05:07]} 66. Kb5
{[%clk 0:08:48]} Kd6 {[%clk 0:04:49]} 67. Rf7 {[%clk 0:08:58]} Ke6
{[%clk 0:03:58]} 68. Rg7 {[%clk 0:09:08]} g5 {[%clk 0:03:45]} 69. Kb6
{[%clk 0:08:14]} Kd5 {[%clk 0:03:56]} 70. Rg8 {[%clk 0:05:08]} Ke4
{[%clk 0:04:16]} 71. a8=Q+ {[%clk 0:05:23]} Rxa8 {[%clk 0:04:39]} 72. Rxa8
{[%clk 0:05:49]} Kf3 {[%clk 0:05:05]} 73. Ra3+ {[%clk 0:05:08]} Kxf2
{[%clk 0:05:30]} 74. g4 {[%clk 0:05:36]} 1-0

[Event "European Individual Chess Championship 2017"]
[Site "?"]
[Date "2017.05.31"]
[Round "2.31"]
[White "Sedlak, Nikola"]
[Black "Shimanov, Aleksandr"]
[Result "0-1"]
[BlackElo "2642"]
[WhiteElo "2523"]
[LiveChessVersion "1.4.8"]

1. d4 {[%clk 1:30:53]} d5 {[%clk 1:30:47]} 2. Nf3 {[%clk 1:31:05]} Nf6
{[%clk 1:31:03]} 3. Bf4 {[%clk 1:31:18]} e6 {[%clk 1:30:54]} 4. e3
{[%clk 1:31:19]} c5 {[%clk 1:31:19]} 5. Nbd2 {[%clk 1:28:53]} Nc6
{[%clk 1:31:26]} 6. c3 {[%clk 1:29:00]} cxd4 {[%clk 1:31:30]} 7. exd4
{[%clk 1:29:00]} Nh5 {[%clk 1:31:51]} 8. Be3 {[%clk 1:28:56]} Bd6
{[%clk 1:32:08]} 9. Ne5 {[%clk 1:29:01]} g6 {[%clk 1:32:23]} 10. g4
{[%clk 1:28:11]} Ng7 {[%clk 1:31:34]} 11. h4 {[%clk 1:28:18]} h5 {[%clk 1:31:35]}
12. Bg5 {[%clk 1:28:05]} Qb6 {[%clk 1:31:49]} 13. Bf6 {[%clk 1:25:08]} Rg8
{[%clk 1:31:59]} 14. Qf3 {[%clk 1:07:45]} Bxe5 {[%clk 1:27:26]} 15. dxe5
{[%clk 1:04:06]} hxg4 {[%clk 1:27:16]} 16. Qxg4 {[%clk 1:03:40]} Nh5
{[%clk 1:26:12]} 17. O-O-O {[%clk 0:57:48]} Qxf2 {[%clk 1:16:55]} 18. Bg5
{[%clk 0:50:51]} Qg3 {[%clk 0:56:03]} 19. Qa4 {[%clk 0:50:15]} Bd7
{[%clk 0:54:26]} 20. Bb5 {[%clk 0:44:45]} Qxe5 {[%clk 0:52:41]} 21. Bxc6
{[%clk 0:29:38]} bxc6 {[%clk 0:48:48]} 22. Qb4 {[%clk 0:07:37]} f6
{[%clk 0:46:55]} 23. Nc4 {[%clk 0:06:07]} Qb8 {[%clk 0:25:49]} 24. Nd6+
{[%clk 0:06:16]} Kd8 {[%clk 0:26:00]} 25. Nf7+ {[%clk 0:05:39]} Kc8
{[%clk 0:25:45]} 26. Qe7 {[%clk 0:03:00]} fxg5 {[%clk 0:25:47]} 27. Rd4
{[%clk 0:01:47]} a5 {[%clk 0:25:19]} 28. Rf1 {[%clk 0:01:07]} Ng3
{[%clk 0:22:28]} 29. Re1 {[%clk 0:01:13]} Nf5 {[%clk 0:22:41]} 30. Qxg5
{[%clk 0:00:35]} Qg3 {[%clk 0:20:44]} 31. Qxg3 {[%clk 0:00:35]} Nxg3
{[%clk 0:21:10]} 32. Rg4 {[%clk 0:01:00]} Nh5 {[%clk 0:20:54]} 33. Re5
{[%clk 0:01:09]} Kc7 {[%clk 0:20:55]} 34. Nh6 {[%clk 0:01:32]} Rh8
{[%clk 0:21:17]} 35. Rxg6 {[%clk 0:01:53]} Nf4 {[%clk 0:21:41]} 0-1